000 00237nam a22000977a 4500
008 250708b |||||||| |||| 00| 0 eng d
020 _a9781472311313
100 _aParragon
_96945
245 _aOur Earth
260 _aNew Delhi
_bParragon
_c2016
999 _c12763
_d12763